AFI List Movies Not Nom.ed Best Picture Quiz Stats

 Plays Quiz not verified by Sporcle

Also try: Closing Lines IV
Challenge
Share
Tweet
Embed
Score 0/27 Timer 10:00
0 Plays Today
Rank Movies % Correct
5Singin in the Rain
71.7%
14Psycho
71.1%
9Vertigo
70.3%
99Toy Story
65.1%
11City Lights
64.8%
152001 A Space Odyssey
60.8%
97Bladerunner
58%
48Rear Window
57.7%
55North by Northwest
55.3%
12The Searchers
54.5%
18The General
54.5%
41King Kong
53.6%
78Modern Times
52.9%
96Do the Right Thing
49.7%
Rank Movies % Correct
60Duck Soup
49.3%
22Some Like it Hot
46.3%
34Snow White
45.7%
82Sunrise
43.5%
81Spartacus
39.5%
85A Night at the Opera
39.1%
84Easy Rider
38.7%
88Bringing Up Baby
38%
79The Wild Bunch
36.8%
91Sophie's Choice
36.8%
90Swing Time
32.5%
61Sullivan's Travels
31.6%
65The African Queen
30.7%

You're not logged in!

Compare scores with friends on all Sporcle quizzes.
OR
Log In

You Might Also Like...

Show Comments

Extras

Top Quizzes Today


Score Distribution

Your Account Isn't Verified!

In order to create a playlist on Sporcle, you need to verify the email address you used during registration. Go to your Sporcle Settings to finish the process.

Report this User

Report this user for behavior that violates our Community Guidelines.

Details: